Les Simpson - Titre des épisodes (saison 28) - Statistiques

Statistiques générales
  • Ce quiz a été pris 4 fois
  • Le résultat moyen est 10 sur 21
Statistiques - réponses
Question Réponse % Correct
Cochon de ... Burns
100%
Phatsby le ... Magnifique
100%
Une journée ... particulière
75%
Amis mais ... pas trop
75%
22 pour ... 30
50%
Souvenirs ... d'enfance
50%
Amis et ... Famille
50%
... Fastcarraldo
50%
Professeur ... Homer
50%
Kamp ... Krusty
50%
Le Chapeau ... magique
50%
La Montre ... paternelle
50%
Simpson Horror ... Show XXVII
50%
La ... Ville
50%
Une ville de ... chiens
25%
Faites confiance mais ... clarifiez
25%
Week-end dingue à ... La Havane
25%
À la recherche de ... Mister Goodbart
25%
Le Blues de ... Moho
25%
La ... Paternité
25%
L'Étrange Noël de ... Krusty
0%
Aucun quiz correspondant
Distribution des résultats
% des personnes avec chaque résultat
Percentile par nombre de réponses
Votre historique - résultats
Vous n’avez pas pris ce quiz